Lata panowania królów w Polsce. - Statystyki

Ogólne statystyki
  • Ten quiz został rozwiązany 20 razy
  • Średni wynik to 11 z 29
Statystyki odpowiedzi
Król Panowanie % Poprawnych
Bolesław I Chrobry 1025
100%
Mieszko II Lambert 1025-1031
82%
Przemysł II 1295-1296
55%
Bolesław II Szczodry / Bolesław II Śmiały 1076-1079
45%
Wacław II 1300-1305
45%
Wacław III 1305-1306
45%
Władysław I Łokietek 1320-1333
45%
Kazimierz III Wielki 1333-1370
45%
Ludwik Węgierski 1370-1382
45%
Władysław III Warneńczyk 1434-1444
45%
Henryk Walezy 1573-1574
45%
Jadwiga Andegaweńska 1384-1399
36%
Władysław II Jagiełło 1386-1434
36%
Kazimierz IV Jagiellończyk 1447-1492
36%
Jan I Olbracht 1492-1501
36%
Aleksander Jagiellończyk 1501-1506
36%
Zygmunt II August 1530-1572
36%
Władysław IV Waza 1632-1648
36%
Jan II Kazimierz Waza 1648-1668
36%
Michał Korybut Wiśniowiecki 1669-1673
36%
Jan III Sobieski 1674-1696
36%
Stefan Batory 1576-1586
27%
Zygmunt III Waza 1587-1632
27%
August III Sas 1733-1763
27%
Stanisław August Poniatowski 1764-1795
27%
Zygmunt I Stary 1507-1548
18%
Anna Jagiellonka 1575-1596
18%
August II Mocny 1697-1706,1709-1733 / 1697-1706 1709-1733 / 1697-1706 i 1709-1733
18%
Stanisław Leszczyński 1704-1709, 1733-1736 / 1704-1709 1733-1736 / 1704-1709 i 1733-1736
18%
Nie znaleziono quizów pasujących do podanych kryteriów
Rozkład punktacji
Procent ludzi z każdym wynikiem
Percentyl według liczby udzielonych odpowiedzi
Twoja historia wyników
Nie rozwiązałeś tego quizu